<?xml version="1.0" encoding="UTF-8"?>
<record
    xmlns:xsi="http://www.w3.org/2001/XMLSchema-instance"
    xsi:schemaLocation="http://www.loc.gov/MARC21/slim http://www.loc.gov/standards/marcxml/schema/MARC21slim.xsd"
    xmlns="http://www.loc.gov/MARC21/slim">

  <leader>02366nam a2200301 i 4500</leader>
  <controlfield tag="001">000017293</controlfield>
  <controlfield tag="003">DO-SdBPM</controlfield>
  <controlfield tag="005">20260225121222.0</controlfield>
  <controlfield tag="007">ta</controlfield>
  <controlfield tag="008">100322s2011   dr a          000 0 spa d</controlfield>
  <datafield tag="020" ind1=" " ind2=" ">
    <subfield code="a">9789945465082</subfield>
  </datafield>
  <datafield tag="040" ind1=" " ind2=" ">
    <subfield code="a">DO-SdBPM</subfield>
    <subfield code="b">spa</subfield>
    <subfield code="c">BPMSU </subfield>
    <subfield code="e">rda</subfield>
    <subfield code="d"> </subfield>
  </datafield>
  <datafield tag="082" ind1=" " ind2="4">
    <subfield code="a">398.245</subfield>
    <subfield code="b">R696f 2011  </subfield>
    <subfield code="2">22</subfield>
  </datafield>
  <datafield tag="100" ind1="1" ind2=" ">
    <subfield code="a">Rodr&#xED;guez Demorizi, Emilio,</subfield>
    <subfield code="d">1908-1986</subfield>
    <subfield code="e">autor</subfield>
    <subfield code="4">aut.</subfield>
  </datafield>
  <datafield tag="245" ind1="1" ind2="0">
    <subfield code="a">F&#xE1;bulas dominicanas /</subfield>
    <subfield code="c">Emilio Rodr&#xED;guez Demorizi ;</subfield>
  </datafield>
  <datafield tag="264" ind1=" " ind2="4">
    <subfield code="a">Santo Domingo  :</subfield>
    <subfield code="b"> Editorial ECP, </subfield>
    <subfield code="c">2011</subfield>
  </datafield>
  <datafield tag="300" ind1=" " ind2=" ">
    <subfield code="a">122 p&#xE1;ginas :</subfield>
    <subfield code="b">ilustraciones ;</subfield>
    <subfield code="c">32 cm.</subfield>
  </datafield>
  <datafield tag="336" ind1=" " ind2=" ">
    <subfield code="a">texto</subfield>
    <subfield code="b">txt</subfield>
    <subfield code="2">rdacontent</subfield>
  </datafield>
  <datafield tag="337" ind1=" " ind2=" ">
    <subfield code="a">sin mediaci&#xF3;n</subfield>
    <subfield code="b">n</subfield>
    <subfield code="2">rdamedia</subfield>
  </datafield>
  <datafield tag="338" ind1=" " ind2=" ">
    <subfield code="a">volumen</subfield>
    <subfield code="b">nc</subfield>
    <subfield code="2">rdacarrier</subfield>
  </datafield>
  <datafield tag="505" ind1="0" ind2=" ">
    <subfield code="a">Introducci&#xF3;n, 9.-- Jos&#xE9; N&#xFA;&#xF1;ez de C&#xE1;ceres (1772-1846). La lechuza y la cig&#xFC;e&#xF1;a, 21.-- El conejo, los corderos y el pastor, 26.-- La ara&#xF1;a y el &#xE1;guila, 31.-- El mulo y la ac&#xE9;mila, 34.-- El lobo y la raposa, 37.-- El abejarr&#xF3;n y la abeja, 42.-- El palomo, la paloma y la lechuza, 45.-- los topos en consejo, 50.-- El burro estudiante y el mulo m&#xE9;dico, 55.-- El camello y el dromedario, 59.-- El tigre y el lobo reconciliados, 64.-- Felipe D&#xE1;vila Fern&#xE1;ndez de Castro (1804-1879). Los tres relojes, 71.-- El borrico basurero, 74.-- El tordo diputado, 79.-- Las mariposas y el elefante, 85.-- El arco y el &#xED;dolo, 88.-- El le&#xF3;n y sus vasallos, 90.-- F&#xE9;lix Mar&#xED;a del Monte (1819-1899). El hombre, el &#xE1;rbol y el toro, 95.-- Nicol&#xE1;s Ure&#xF1;a de Mendoza (1822-1875). El loro y el rat&#xF3;n, 103.-- Juan Antonio Alix (1833-1917). F&#xE1;bula de los tres leones, 111.-- M. de J. de Pe&#xF1;a y Reynoso (1834-1915). Las dos palmas, 115.-- El tocoloro, 119.-- El cal&#xF3;rico y la luz, 122.-- Jos&#xE9; Dubeau y Brem&#xF3;n (1857-1925). El &#xE1;guila, el le&#xF3;n y la zorra, 127.-- Pablo Pumarol (1856-1889). El petirre y el murci&#xE9;lago, 133.-- El carpintero y el gavil&#xE1;n, 137.-- Los pavos y el avestruz, 141.-- El gallo y el pollo, 144.-- El alcatraz y el reiconso, 147.-- Jos&#xE9; Mar&#xED;a Jim&#xE9;nez (1860-1942). La nube y el trueno, 153.-- Luis Emilio Garrido (1874-1904). A rey muerto, 159.-- F&#xE1;bulas diversas. La fragata y la canoa, 165.</subfield>
  </datafield>
  <datafield tag="590" ind1=" " ind2=" ">
    <subfield code="a">Inventariado, 2026/VM</subfield>
  </datafield>
  <datafield tag="650" ind1=" " ind2="7">
    <subfield code="a">Poes&#xED;a dominicana</subfield>
  </datafield>
  <datafield tag="650" ind1=" " ind2="7">
    <subfield code="a"> Autores dominicanos  </subfield>
    <subfield code="v">Biograf&#xED;as</subfield>
  </datafield>
  <datafield tag="650" ind1=" " ind2="7">
    <subfield code="a">F&#xE1;bulas </subfield>
    <subfield code="x">Animales y leyendas</subfield>
  </datafield>
  <datafield tag="910" ind1=" " ind2=" ">
    <subfield code="a">VMateo V. Control de calidad. BPMSU </subfield>
  </datafield>
  <datafield tag="942" ind1=" " ind2=" ">
    <subfield code="2">ddc</subfield>
    <subfield code="c">BK</subfield>
  </datafield>
  <datafield tag="952" ind1=" " ind2=" ">
    <subfield code="0">0</subfield>
    <subfield code="1">0</subfield>
    <subfield code="2">ddc</subfield>
    <subfield code="7">0</subfield>
    <subfield code="8">CD</subfield>
    <subfield code="a">BPMET</subfield>
    <subfield code="b">BPMET</subfield>
    <subfield code="d">2026-02-25</subfield>
    <subfield code="l">0</subfield>
    <subfield code="o">BPMSU CD 398.245 R696f 2011  </subfield>
    <subfield code="p">BPMSU26020139</subfield>
    <subfield code="r">2026-02-25</subfield>
    <subfield code="w">2026-02-25</subfield>
    <subfield code="y">BK</subfield>
  </datafield>
  <datafield tag="999" ind1=" " ind2=" ">
    <subfield code="c">15736</subfield>
    <subfield code="d">15736</subfield>
  </datafield>
</record>
